Team NBA sans voyelles - Partie 1 - Statistiques

Statistiques générales
  • Ce quiz a été pris 53 fois
  • Le résultat moyen est 13 sur 15
Statistiques - réponses
Indices Club % Correct
BSTN CLTCS Boston Celtics
100%
CHCG BLLS Chicago Bulls
94%
NW RK KNCKS New York Knicks
92%
CLVLND CVLRS Cleveland Cavaliers
90%
DTRT PSTNS Detroit Pistons
90%
MM HT Miami Heat
88%
TRNT RPTRS Toronto Raptors
88%
WSHNGTN WZRDS Washington Wizards
88%
NDN PCRS Indiana Pacers
86%
RLND MGC Orlando Magic
86%
TLNT HWKS Atlanta Hawks
84%
BRKLN NTS Brooklyn Nets
84%
CHRLTT HRNTS Charlotte Hornets
84%
MLWK BCKS Milwaukee Bucks
82%
PHLDLPH 76RS Philadelphia 76ers
70%
Aucun quiz correspondant
Distribution des résultats
% des personnes avec chaque résultat
Percentile par nombre de réponses
Votre historique - résultats
Vous n’avez pas pris ce quiz